Sports Quiz

Random Sports or Cricket Quiz

Cricket ODI World Cup Stats Quiz Stats

 Plays Quiz not verified by Sporcle

Score 0/60 Timer 07:00
30 Plays Today
Player % Correct
Sachin Tendulkar
91.5%
Sachin Tendulkar
91.5%
Sachin Tendulkar
91.5%
Sachin Tendulkar
91.5%
Chris Gayle
87.7%
Ricky Ponting
85%
Ricky Ponting
85%
Ricky Ponting
85%
Ricky Ponting
85%
Chris Gayle
84.1%
Glenn McGrath
83.3%
Glenn McGrath
79.2%
Glenn McGrath
79.2%
Mitchell Starc
78.1%
Rohit Sharma
71.1%
Muttiah Muralitharan
67%
Kumar Sangakkara
64.8%
Kumar Sangakkara
64.8%
Kumar Sangakkara
64.8%
Brian Lara
64.6%
Adam Gilchrist
62.2%
Adam Gilchrist
62.2%
Steve Smith
59.6%
Martin Guptill
57.9%
Sir Vivian Richards
56.5%
David Warner
54.9%
Sourav Ganguly
52.6%
AB de Villiers
52.2%
AB de Villiers
52.1%
AB de Villiers
52.1%
Player % Correct
Jacques Kallis
51.5%
Mark Waugh
50.4%
Sourav Ganguly
50.3%
Mahela Jayawardene
49.6%
Wasim Akram
48.6%
Chaminda Vaas
42.5%
Lasith Malinga
39.5%
Michael Clarke
39.3%
Shahid Afridi
38%
Brendon McCullum
36.6%
Graham Gooch
33.3%
Herschelle Gibbs
32.4%
Herschelle Gibbs
32.4%
Gary Kirsten
30.8%
Javed Miandad
24.5%
Stephen Fleming
23.9%
Tillakaratne Dilshan
23.8%
Andy Bichel
23.6%
Tim Southee
22.3%
Shakib Al Hasan
18.4%
Martin Crowe
16.4%
Mitchell Starc
16%
Mohammad Azharuddin
10.6%
Gary Gilmour
10.2%
Gary Gilmour
10.2%
Winston Davis
9.6%
Mustafizur Rahman
8.8%
Vasbert Drakes
3.5%
Steve Tikolo
3.4%
Ashantha de Mel
2.2%

You're not logged in!

Compare scores with friends on all Sporcle quizzes.
OR
Log In

Show Comments

Extras

Top Quizzes Today


Score Distribution

Your Account Isn't Verified!

In order to create a playlist on Sporcle, you need to verify the email address you used during registration. Go to your Sporcle Settings to finish the process.

Report this User

Report this user for behavior that violates our Community Guidelines.

Details: